000 00806nam a2200253Ia 4500
003 OSt
005 20220923212602.0
006 a|||||r|||| 00| 0
007 ta
008 220922b |||||||| |||| 00| 0 hin d
024 _a154,228
037 _cTextual
040 _aARTS
_cARTS
_bhin
041 _2hin
_ahin
082 _aO152vN6, L5
100 _aवार्ष्णेय, लक्ष्मी सागर
245 0 _aविविधा
246 _aVividhā
260 _aइलाहाबाद
_b संजय प्रकाशन
_c1975
300 _a147पृ.
_ccm.
650 _aहिन्दी साहित्य
_9156264
942 _hO152vN6, L5
_cTEXL
_2CC
999 _c309856
_d309856